000
00280nam a2200121Ia 4500
008
151001s9999||||xx |||||||||||||| ||und||
100
_a
राणू
250
_a
1
260
_b
हिंद पॉकेट बुक्स
260
_c
1976
300
_a
187
365
_b
16
999
_c
959784
_d
959781